000
00268nam a22001217a 4500
003
SGT
082
_a
612.015
_b
S20R
100
_a
RENU
245
_a
A STUDY OF LEVELS OF VITAMIN D AND ANTI-MULLERIN
260
_a
SGTU
_c
2020
650
_a
BIOCHEMISTRY
942
_2
ddc
_c
TH
999
_c
20746
_d
20746